000 00686nam a2200229 a 4500
001 000047457
003 DO-SdBNP
005 20210915104433.0
007 ta
008 180530s 2017 dr a 000 0 spa d
020 _a9789945131918
040 _aDO-SdBNP
_bspa
_cBNPHU
082 _aBNPHU
_bG643h
100 1 _aGonzález Lachapelle, Sixto,
_d1949-
_975087
245 1 0 _aHiguana :
_bhistorias, cuentos y familias /
_cSixto González Lachapelle
260 _aSanto Domingo :
_bMediabyte,
_c2017.
300 _aiii, 86 p. :
_bil. ;
_c24 cm.
500 _aIncluye datos biografícos del autor en las solapas
590 _aInventariado, 2018/ YL
910 _aBtavárez
942 _2ddc
_cLBS1
999 _c46945
_d46945